Grammaire homerique. tomo 1 /

Guardado en:
Autor Principal: Chantraine, Pierre
Formato: Libro
Publicado: Paris : Librairie C.klincksieck, 1953
Materias:
Etiquetas: Agregar Etiqueta
Sin Etiquetas, Sea el primero en etiquetar este registro!
LEADER 00456nam a22001455a 4500
001 EHU.bham006321
003 AR-BHAM
005 20090611151054.0
008 130507s1953##################000#0#####d
082 4 8 |a 485 
100 1 |a Chantraine, Pierre 
245 1 0 |a Grammaire homerique. tomo 1 /  |c Pierre Chantraine. 
260 |a Paris :  |b Librairie C.klincksieck,  |c 1953 
653 |a Griego clasico-gramatica 
859 |a AR-BHAM  |b BIB. HUMANIDADES - General  |h 485  |i C364  |p 937.58  |t Ej.1  |v I  |3 I